Logo BPK

Biblioteka

Politechniki Koszalińskiej

Problemy aktywnej ochrony ekosystemów wodnych i torfowiskowych w polskich parkach narodowych / (Rekord nr 37518)

Szczegóły MARC
000 -ETYKIETA REKORDU
podpole kontrolne o stałej długości 01189nam a2200289 i 4500
001 - NUMER KONTROLNY REKORDU
pole kontrolne bg
020 ## - MIĘDZYNARODOWY ZNORMALIZOWANY NUMER KSIĄŻKI - ISBN
ISBN 8322715048
040 ## - ŹRÓDŁO KATALOGOWANIA
Instytucja, która utworzyła rekord BPK
041 1# - KOD JĘZYKA
Kod języka tekstu poleng
Kod języka streszczenia lub abstraktu eng
Kod języka oryginału bel
080 ## - UNIWERSALNA KLASYFIKACJA DZIESIĘTNA - UKD
UKD 502.6:504.7:574.5](438)(061)
920 ## - Międzynarodowy znormalizowany numer książki – ISBN
ISBN 83-227-1504-8
008 - POLE O STAŁEJ DŁUGOŚCI - DANE KONTROLNE
podpole kontrolne o stałej długości s pl f |000 0 pol
245 00 - TYTUŁ/ODPOWIEDZIALNOŚĆ
Tytuł Problemy aktywnej ochrony ekosystemów wodnych i torfowiskowych w polskich parkach narodowych /
Pozostałe elementy strefy tytułu i oznaczenia odpowiedzialności pod red. Stanisława Radwana i Ryszarda Kornijowa.
260 ## - STREFA ADRESU WYDAWNICZEGO
Miejsce wydania Lublin :
Nazwa wydawcy/dystrybutora Wydaw. Uniwersytetu Marii Curie-Skłodowskiej,
Data publikacji, dystrybucji/powstania dokumentu 1999.
300 ## - STREFA OPISU FIZYCZNEGO
Objętość 291 s. :
Inne cechy fizyczne il., mapy ;
Rozmiary 24 cm.
500 ## - UWAGI OGÓLNE
Tekst uwagi Mater. międzynarodowej konferencji, Okuninka 8-9 października 1999 r. - Tekst częśc. tł. z białorus. - Streszcz. ang. przy pracach. - Wstęp także ang.
504 ## - UWAGA DOTYCZĄCA BIBLIOGRAFII
Informacje o bibliografii Bibliogr. przy pracach.
650 #9 - HASŁO PRZEDMIOTOWE W FORMIE NAZWY OGÓLNEJ LUB JEDNOSTKOWEJ
Nazwa ogólna lub geograficzna Bagna
Określnik ogólny ekologia
Określnik geograficzny Polska
650 #9 - HASŁO PRZEDMIOTOWE W FORMIE NAZWY OGÓLNEJ LUB JEDNOSTKOWEJ
Nazwa ogólna lub geograficzna Rezerwaty i parki narodowe
Określnik ogólny ekologia
Określnik geograficzny Polska
650 #9 - HASŁO PRZEDMIOTOWE W FORMIE NAZWY OGÓLNEJ LUB JEDNOSTKOWEJ
Nazwa ogólna lub geograficzna Rezerwaty i parki narodowe
Określnik ogólny hydrologia
Określnik geograficzny Polska
650 #9 - HASŁO PRZEDMIOTOWE W FORMIE NAZWY OGÓLNEJ LUB JEDNOSTKOWEJ
Nazwa ogólna lub geograficzna Torfowisko
Określnik ogólny ekologia
Określnik geograficzny Polska
650 #9 - HASŁO PRZEDMIOTOWE W FORMIE NAZWY OGÓLNEJ LUB JEDNOSTKOWEJ
Nazwa ogólna lub geograficzna Wody śródlądowe
Określnik ogólny ekologia
Określnik geograficzny Polska
655 ## - TERMIN INDEKSOWY - OKREŚLENIE RODZAJU/FORMY DOKUMENTU
Określenie rodzaju/formy dokumentu Materiały konferencyjne
700 1# - HASŁO DODATKOWE - NAZWA OSOBOWA
Nazwa osobowa RADWAN, Stanisław.
Określenie związku między hasłem a opisywanym materiałem Red.
700 1# - HASŁO DODATKOWE - NAZWA OSOBOWA
Nazwa osobowa KORNIJÓW, Ryszard.
Określenie związku między hasłem a opisywanym materiałem Red.
856 ## - LOKALIZACJA I DOSTĘP DO ELEKTRONICZNYCH DOKUMENTÓW ZDALNYCH
Link (URL) http://koha.tu.koszalin.pl/cgi-bin/koha/opac-detail.pl?biblionumber=37518
Tekst linku Katalog online BPK
942 ## - DODATKOWE ELEMENTY (KOHA)
Typ dokumentu Książka
Egzemplarze
Wycofany Status egzemplarza Uszkodzony Dostępność Lokalizacja stała Lokalizacja bieżąca Miejsce przechowywania Sygnatura Kod kreskowy Dział Typ dokumentu Status: wypożyczony
      Tylko na miejscu Biblioteka Politechniki Koszalińskiej Biblioteka Politechniki Koszalińskiej Czytelnia BG 53803 01493443 502.5 Krajobraz. Rezerwaty Książka  
      Dostępny Biblioteka Politechniki Koszalińskiej Biblioteka Politechniki Koszalińskiej Wypożyczalnia BG 53804 01493436   Książka 03.11.2026
© 2023 Biblioteka Politechniki Koszalińskiej :: KOHA